000 00571nam a2200181Ia 4500
008 151018s9999 xx 000 0 und d
082 _bRBASDV61774
_a891.433
100 _aविभा गुप्ता
245 _aपेड और शेर
250 _b1
260 _b"जान्हवी प्रकाशन,दिल्ली "
_c2012
300 _a64
600 _aविभा गुप्ता
630 _aपेड और शेर
700 _aविभा गुप्ता
730 _aपेड और शेर
942 _cBOOK
999 _c1055023
_d1055020